|
|
|
|
| LEADER |
00000nam0a2200000 4500 |
| 001 |
123097 |
| 005 |
20231101215803.0 |
| 010 |
|
|
|a 525600073X
|
| 020 |
|
|
|a RU
|b 88-33770
|
| 035 |
|
|
|a (RuTPU)RU\TPU\book\133266
|
| 090 |
|
|
|a 123097
|
| 100 |
|
|
|a 20071011d1988 m a0rusy5003 ca
|
| 101 |
0 |
|
|a rus
|
| 102 |
|
|
|a RU
|
| 105 |
|
|
|a a z 001zy
|
| 200 |
1 |
|
|a Электронные игрушки
|f Б. С. Иванов
|
| 210 |
|
|
|a Москва
|c Радио и связь
|d 1988
|
| 215 |
|
|
|a 78 с.
|c ил.
|
| 225 |
1 |
|
|a Массовая радиобиблиотека
|v Вып. 1115
|
| 320 |
|
|
|a Список литературы: с. 79
|
| 606 |
|
|
|a Игрушки электронные
|2 stltpush
|3 (RuTPU)RU\TPU\subj\12167
|9 39002
|
| 610 |
1 |
|
|a конструкции
|
| 610 |
1 |
|
|a транзисторы
|
| 610 |
1 |
|
|a микросхемы
|
| 610 |
1 |
|
|a электромузыкальные инструменты
|
| 610 |
1 |
|
|a имитаторы звука
|
| 675 |
|
|
|a 688
|v 3
|
| 700 |
|
1 |
|a Иванов
|b Б. С.
|g Борис Сергеевич
|
| 801 |
|
0 |
|a RU
|b RuMRKP
|c 19950417
|g psbo
|
| 801 |
|
1 |
|a RU
|b 63413507
|c 20071011
|g PSBO
|
| 801 |
|
2 |
|a RU
|b 63413507
|c 20180306
|g PSBO
|
| 942 |
|
|
|c BK
|